000 00548nam a2200205 a 4500
001 18943
005 20180713212319.0
008 140415s1981 ck 000 0 spa d
020 _a0134777379
041 _aspa
082 _a631.4
_bDON
100 1 _aDONAHUE, ROY L.
245 1 0 _aINTRODUCCION A LOS SUELOS Y AL CRECIMIENTO DE LAS PLANTAS
250 _a1a ed.
260 _aCOLOMBIA :
_bDOSSAT,
_c1981
300 _a624
650 1 4 _aEDAFOLOGIA
700 1 _aPEÑA C., JORGE
_etr.
700 1 _aMILLER, RAYMOND W.
_ecoaut.
999 _c18943
_d18943